| 000 | 00719nam a2200217 a 4500 | ||
|---|---|---|---|
| 001 | 000017173 | ||
| 005 | 20240412074245.0 | ||
| 008 | 100319s1997 dr 000 p spa d | ||
| 040 |
_aDO-SdBNP _bspa _cBNPHU |
||
| 082 |
_aRD861.44 _bV164p |
||
| 100 | 1 |
_aValerio, Fausto de Js. _937805 |
|
| 245 | 1 | 0 |
_aPara llegar a ti / _cFausto de Js Valerio ; prólogo Bonny Guillén Beltre. |
| 250 | _a2a ed. | ||
| 260 |
_aSanto Domingo : _bJochy Impresos, _c1997. |
||
| 300 |
_a38 p. ; _c22 cm. |
||
| 590 | _aPerteneció a la biblioteca personal de Juan Isidro Jimenes Grullón | ||
| 650 | 0 |
_aPoesía dominicana _966 |
|
| 650 | 0 |
_aLiteratura dominicana. _967 |
|
| 700 | 1 |
_aGuillén Beltre, Bonny, _epról. _937806 |
|
| 049 | _aBNPD | ||
| 999 |
_c16699 _d16699 |
||